| 000 | 00365nam a2200145Ia 4500 | ||
|---|---|---|---|
| 008 | 230917s9999||||xx |||||||||||||| ||und|| | ||
| 040 |
_e8084 _aMAIN |
||
| 041 | _aEnglish | ||
| 082 | _a338.544 T369A | ||
| 100 | _aThomopoulos, Nick T | ||
| 245 | 0 | _aApplied forecsating methods | |
| 260 |
_aNew Jersey _bPrentice-Hall _c1980 |
||
| 300 | _axi, 369 p. | ||
| 942 | _cBK | ||
| 999 |
_c222156 _d222156 |
||